logo

Bir Sreshtho Munshi Abdur Rouf Library
Jhenaidah Cadet College

জীবনের ঝাঁকে বাঁকে / (Record no. 8824)

MARC details
000 -LEADER
fixed length control field 00678nam a22002177a 4500
001 - CONTROL NUMBER
JCCL Control Number 8824
003 - CONTROL NUMBER IDENTIFIER
JCCL marc code BD-JhCC
005 - DATE AND TIME OF LATEST TRANSACTION
control field 20181023093310.0
008 - FIXED-LENGTH DATA ELEMENTS--GENERAL INFORMATION
fixed length control field 180304b1981 bg ||||| |||| 00| 0 ben d
035 ## - SYSTEM CONTROL NUMBER
system control number (BD-JhCC)8824
040 ## - CATALOGING SOURCE
Original cataloging agency BD-JhCC
Modifying agency BD-JhCC
041 ## - LANGUAGE CODE
Language code of Book ben
082 ## - DEWEY DECIMAL CLASSIFICATION NUMBER
Classification number 923.1
Author mark and Year CHO 1981
100 ## - MAIN ENTRY--PERSONAL NAME
Personal name চৌধুরী, সিরাজুল হক
245 ## - TITLE STATEMENT
Title জীবনের ঝাঁকে বাঁকে /
Statement of responsibility, etc সিরাজুল হক চৌধুরী
260 ## - PUBLICATION, DISTRIBUTION, ETC. (IMPRINT)
Place of publication, distribution, etc কুস্টিয়া :
Date of publication, distribution, etc 1981,
Name of publisher, distributor, etc জাগরণী প্রকাশনা.
300 ## - PHYSICAL DESCRIPTION
Pagination 402 p. :
Dimensions 20 cm.
650 ## - SUBJECT ADDED ENTRY--TOPICAL TERM
Topical term or geographic name as entry element Biography
942 ## - ADDED ENTRY ELEMENTS (KOHA)
Source of classification or shelving scheme Dewey Decimal Classification
Koha item type Books
Holdings
Source of classification or shelving scheme Damaged status Not for loan Home library Current library Cost, normal purchase price Total Checkouts Full call number Barcode Date last seen Copy number Koha item type
Dewey Decimal Classification     JCC Rouf Library JCC Rouf Library 30.00   923.1 CHO 1981 11777 10/23/2018 C-1 Books

JCC Library | Contacts | JCC Home

Last Update on 23 September 2017
Copyright @ 2017-2020 JCC Rouf Library
Rouf Library, Jhenidah Cadet College (JCC), Bangladesh